| 000 -CABECERA |
| Longitud fija campo de control |
00799nam a2200205 a 4500 |
| 001 - NÚMERO DE CONTROL |
| Número de control |
4618 |
| 003 - IDENTIFICADOR DEL NÚMERO DE CONTROL |
| Identificador del número de control |
CDMR |
| 005 - FECHA Y HORA DE LA ÚLTIMA TRANSACCIÓN |
| Fecha y hora de la última transacción |
20151022114802.0 |
| 008 - CÓDIGOS DE INFORMACIÓN DE LONGITUD FIJA |
| Códigos de información de longitud fija |
130130s1994||||||||||||||||||1|||||cat|d |
| 040 ## - FUENTE DE LA CATALOGACIÓN |
| Centro catalogador de origen |
CDMR |
| Lengua de catalogación |
cat |
| Centro transcriptor |
CDMR |
| 111 2# - PUNTO DE ACCESO PRINCIPAL-NOMBRE DE CONGRESO |
| 9 (RLIN) |
3630 |
| Nombre de congreso o jurisdicción como elemento de entrada |
Jornades d'Història de la Premsa |
| Sede del congreso |
Sant Cugat del Vallès |
| Fecha del congreso |
1992 |
| Número del congreso o número de parte o sección de la obra |
1es |
| 245 10 - MENCIÓN DE TÍTULO |
| Título |
Gazeta |
| Resto del título |
: actes de les primeres Jornades d'Història de la Premsa |
| 260 ## - PUBLICACIÓN, DISTRIBUCIÓN, ETC. (PIE DE IMPRENTA) |
| Lugar de publicación, distribución, etc. |
Barcelona |
| Fecha de publicación, distribución, etc. |
1994 |
| Nombre del editor, distribuidor, etc. |
Societat Catalana de la Comunicació |
| 300 ## - DESCRIPCIÓN FÍSICA |
| Extensión |
394 p. |
| 500 ## - NOTA GENERAL |
| Nota general |
El títol de les actes és un homenatge a la primera publicació periòdica de la Península, apareguda a Barcelona l'any 1641 |
| 650 04 - PUNTO DE ACCESO ADICIONAL DE MATERIA - TÉRMINO DE MATERIA |
| 9 (RLIN) |
1130 |
| Término de materia o nombre geográfico como elemento inicial |
Premsa |
| Subdivisión de materia general |
Història |
| Subdivisión de forma |
Congressos |
| 700 1# - PUNTO DE ACCESO ADICIONAL - NOMBRE DE PERSONA |
| 9 (RLIN) |
13 |
| Nombre de persona |
Figueres i Artigues, Josep Maria |
| Término indicativo de función |
pr. |
| 710 2# - PUNTO DE ACCESO ADICIONAL - NOMBRE DE ENTIDAD |
| 9 (RLIN) |
94 |
| Nombre de entidad o nombre de jurisdicción como elemento inicial |
Societat Catalana de Comunicació |
| 942 ## - ENTRADA DE ELEMENTOS AGREGADOS (KOHA) |
| Koha [por defecto] tipo de item |
Monografies |
| Fuente de clasificaión o esquema |
|